Greenest US Cities Quiz Stats

 Plays Quiz Updated Nov 15, 2018

Support Sporcle.
Go Orange.
Score 0/40 Timer 08:00
2 Plays Today
Rank City % Correct
8Boston
90.5%
3San Francisco
88%
2Portland
85.2%
21Los Angeles
85.1%
12San Diego
81.7%
29Dallas
80%
16Chicago
79.2%
1New York
78.4%
15Philadelphia
77.4%
6Seattle
76%
11Austin
74.7%
5Honolulu
71.4%
18Sacramento
71.3%
23Pittsburgh
70.8%
26Denver
70.1%
20Boise City
69.4%
7Minneapolis
66.6%
19Buffalo
66.4%
27Baltimore
66.4%
22San Jose
65.7%
Rank City % Correct
13St. Paul
65.3%
25Madison
61.7%
34St. Louis
51.7%
14Anchorage
48.8%
28Milwaukee
47.2%
9Oakland
47.2%
4Washington, DC
43.1%
17Albuquerque
39.8%
33Cincinnati
38.1%
38Atlanta
36.7%
40Laredo
30%
39Norfolk
29.8%
30Irvine
23.2%
31Chula Vista
22.4%
24Stockton
16.3%
36Jersey City
16.1%
35Long Beach
14%
10Fremont
10.4%
32Columbus
10.3%
37Greensboro
7.2%

From the Vault

This or That Blitz: Simpsons or Family Guy

by SporcleEXP

It's the dysfunctional family feud.
Remove Ads.
Support Sporcle.
Get the best of Sporcle when you Go Orange. This ad-free experience offers more features, more stats, and more fun while also helping to support Sporcle. Thank you for becoming a member.

Show Comments

Extras

Top Quizzes Today


Score Distribution

Your Account Isn't Verified!

In order to create a playlist on Sporcle, you need to verify the email address you used during registration. Go to your Sporcle Settings to finish the process.

Report this User

Report this user for behavior that violates our Community Guidelines.

Details: